Creative Marketing Communications (Record no. 181159)

MARC details
000 -LEADER
fixed length control field 00471nam a2200193Ia 4500
008 - FIXED-LENGTH DATA ELEMENTS--GENERAL INFORMATION
fixed length control field 240823s9999||||xx |||||||||||||| ||und||
020 ## - INTERNATIONAL STANDARD BOOK NUMBER
International Standard Book Number 81-7094-626-3
082 ## - DEWEY DECIMAL CLASSIFICATION NUMBER
-- 658.802 P5
100 ## - MAIN ENTRY--PERSONAL NAME
Personal name Dave Batisia
245 #0 - TITLE STATEMENT
Title Creative Marketing Communications
250 ## - EDITION STATEMENT
Edition statement 1st
260 ## - PUBLICATION, DISTRIBUTION, ETC. (IMPRINT)
Date of publication, distribution, etc 2005
Name of publisher, distributor, etc "Vision Books,New Delhi"
500 ## - GENERAL NOTE
General note YES
650 ## - SUBJECT ADDED ENTRY--TOPICAL TERM
Topical term or geographic name as entry element Marketing
942 ## - ADDED ENTRY ELEMENTS (KOHA)
Item type Books
Holdings
Withdrawn status Lost status Damaged status Permanent location Current location Date acquired Source of acquisition Cost, normal purchase price Full call number Barcode Date last seen Koha item type
      CENTRAL LIBRARY, NOORUL ISLAM CENTRE FOR HIGHER EDUCATION CENTRAL LIBRARY, NOORUL ISLAM CENTRE FOR HIGHER EDUCATION 05/18/2009 Global Book Syndicate 190.00 658.802 P5 34309 08/23/2024 Books
Visitors:
Copyright © 2024 Central Library NICHE.  All rights reserved.